header

Exchange server 2010 administration (Record no. 221846)

MARC details
000 -LEADER
fixed length control field 02917nam a2200409 a 4500
082 04 - DEWEY DECIMAL CLASSIFICATION NUMBER
Classification number 005.7/1376
100 1# - MAIN ENTRY--AUTHOR NAME
Personal name Stidley, Joel,
245 10 - TITLE STATEMENT
Title Exchange server 2010 administration
260 ## - PUBLICATION, DISTRIBUTION, ETC. (IMPRINT)
Place of publication Indianapolis, Ind. :
Name of publisher Wiley Technology Pub.,
Year of publication c2011.
300 ## - PHYSICAL DESCRIPTION
Number of Pages xxxiv, 708 p. :
Other physical details ill.
500 ## - GENERAL NOTE
General note Includes index.
505 0# - FORMATTED CONTENTS NOTE
Formatted contents note pt. 1. Introduction to Exchange Server 2010 -- pt. 2. Messaging administrator's guide to Exchange Server 2010 -- pt. 3. Messaging professional's guide to Exchange Server 2010.
520 ## - SUMMARY, ETC.
Summary, etc "A soup-to-nuts guide for messaging administrators. Exchange Server is the world's leading e-mail server software. Windows 7 and Server 2008 R2 have made changes that messaging administrators need to know and understand in their daily work with Exchange Server. This Sybex guide focuses on the skills, concepts, technologies, and potential pitfalls that admins in the trenches need to understand. It also provides the information they need to earn MCITP certification. Updates in Exchange Server, the world's leading e-mail server software, require messaging administrators to update their knowledge in order to provide the best possible e-mail solutions. Highly focused and comprehensive, this guide teaches you to design a highly available e-mail messaging server, install and configure Exchange Server 2010, work with recipients, groups and mailboxes, configure public folders, secure Exchange, and more. CD includesvideo walkthroughs of more difficult tasks, practice exams, and electronic flashcards. Exchange Server 2010 Administration offers real-world knowledge that messaging admins need every day and helps prepare candidates for the MCITP certification exam"--
650 #0 - SUBJECT ADDED ENTRY--TOPICAL TERM
Topical Term Client/server computing.
Topical Term Electronic mail systems.
Topical Term Electronic data processing personnel
700 1# - ADDED ENTRY--PERSONAL NAME
Personal name Gustafson, Erik,
856 40 - ELECTRONIC LOCATION AND ACCESS
Uniform Resource Identifier http://site.ebrary.com/lib/rucke/Doc?id=10469716
520 ## - SUMMARY, ETC.
-- Provided by publisher.

No items available.

© 2026 Rongo University
Contact us: librarian | system librarian | Rongo university